Statistics for 少女与战车各学园对应国家

Click here to take the quiz!

General Stats

  • This quiz has been taken 14 times
  • The average score is 8 of 15

Answer Stats

学校名国家% Correct
圣葛罗莉安娜女子学院英国
100%
黑森峰女子学园德意志国
92%
安齐奥高中意大利
92%
真理高中苏联
83%
桑德斯大学附属高中美国
75%
知波单学园日本帝国
67%
马奇诺女子学院法兰西第三共和国
67%
考拉之森学园澳大利亚
67%
维京水产高中挪威
67%
冯布鲁高中波兰
42%
继续高中芬兰
25%
BC自由学园维希法国|自由法国
25%
青师团高中西班牙国
17%
华夫学院比利时
8%
优格学园保加利亚
0%

Score Distribution

Percentile by Number Answered

Percent of People with Each Score

Your Score History

You have not taken this quiz